Üdvözlet Bajmócz fürdöröl a bajmóczi vár nyugoti oldala

Zobrazenie: Pohľad z lúky na zámok, čnejúci nad stromami. V popredí vľavo je stĺp a pred ním stoja dvaja ľudia a jeden medzi nimi sedí. Vzadu za stĺpom vykukuje sprava chlapec

Bibliographic Details
Format: Postcard
Language:Hungarian
PhysicalDescription:1 pohľadnica tónovaná do zelena 9 x 14 cm
Published: [Prievidza] Gubits B. [1912?]
Subjects:

MARC

LEADER 00000ckm a2200000 a 4500
001 vtls001483515
003 SK-MaSNL
005 20260512130140.0
007 kp ao
008 230706q1912 xo g 0kuhun
015 |a SNBG1912 
035 |a SNK000438809 
035 |a urn:nbn:sk:snk-km3loje 
035 |a 5C23782F-A7A2-4BAB-AE23-45532C5DC386 
035 |a urn:nbn:sk:snk-km00bsll 
040 |a SNK  |b slo  |c SNK  |e AACR2 
041 0 |a hun 
043 |a e-xo--- 
044 |a xo  |c SK 
072 7 |a 913  |x Regionálna geografia  |2 konspekt 
080 |a (437.6)  |2 2001 
080 |a (084.121)  |2 2001 
080 |a 913(437.6)  |2 2011 
080 |a 728.82  |2 2011 
080 |a 728.81  |2 2011 
080 |a 904(084.121)  |2 2011 
080 |a 94(084.121)  |2 2011 
080 |a 904:72  |2 2011 
245 0 0 |a Üdvözlet Bajmócz fürdöröl  |h grafika  |b a bajmóczi vár nyugoti oldala 
260 |a [Prievidza]  |b Gubits B.  |c [1912?] 
300 |a 1 pohľadnica  |b tónovaná do zelena  |c 9 x 14 cm 
500 |a Názvové údaje prevzaté z obrazovej časti dokumentu 
500 |a Na adresnej časti uvedené: "582" 
520 8 |a Zobrazenie: Pohľad z lúky na zámok, čnejúci nad stromami. V popredí vľavo je stĺp a pred ním stoja dvaja ľudia a jeden medzi nimi sedí. Vzadu za stĺpom vykukuje sprava chlapec 
610 2 7 |a Bojnický zámok  |2 SNKKA  |9 32519 
650 0 7 |a národné kultúrne pamiatky  |2 SNKPH  |9 31192 
650 0 7 |a zámky  |2 SNKPH  |9 3041 
650 0 7 |a hrady  |2 SNKPH  |9 3039 
651 7 |a Bojnice (Slovensko)  |2 SNKPHgeo  |9 30288 
655 7 |a miestne pohľadnice  |2 SNKPH  |9 70510 
655 7 |a pohľadnice kultúrnych pamiatok  |2 SNKPH  |9 70523 
655 7 |a historické pohľadnice  |2 SNKPH  |9 159703 
852 |a Slovenská národná knižnica 
958 |a GBN 
958 |a GC 
958 |a ONDV 
999 |c 1161980  |d 1163910 
952 |t P60, <03>, [BOOK], {603}  |a SNK  |b SNK  |y PREZ  |7 0  |p 17A0445112  |o snkSP 126150  |z Pohľadnica prešla poštou.  |0 0  |1 0  |4 0  |d 2004-10-13  |f 1  |l 0  |r 2005-01-02 00:00:00  |w 2026-02-24